| 000 | 00871nam a2200313 4500 | ||
|---|---|---|---|
| 001 | 31024 | ||
| 003 | DO-SdBNP | ||
| 005 | 20180221092102.0 | ||
| 007 | 31024 | ||
| 008 | 950213s1992 sp a ||||| 000 1|spa | ||
| 016 | 7 |
_a _2BPMSU |
|
| 017 |
_a _b |
||
| 020 | _a8434812878 | ||
| 035 | _a | ||
| 040 |
_aBPMSU _bspa _cBPMSU _e |
||
| 080 | 0 | _a | |
| 100 | 1 | _aVázquez-Vigo, Carmen | |
| 245 | 1 | 3 |
_aEl muñeco de don Bepo / _cCarmen Vázquez-Vigo ; ilustraciones de Arcadio Lobato _h |
| 250 | _a9ª ed. | ||
| 260 | 1 |
_aMadrid: _bSM, _c1992 |
|
| 300 |
_a62 p. : _bil. ; _c20 cm. |
||
| 490 | 1 |
_aEl barco de vapor. Serie blanca _v8 _v64 |
|
| 586 | _aPremio Lazarillo 1973 | ||
| 700 | 1 | 2 |
_aLobato, Arcadio, _eil. |
| 830 | 0 |
_aEl barco de vapor. Serie blanca _v64/8 |
|
| 942 |
_2ddc _cBK |
||
| 945 | _aInventariado, 2018 /LP | ||
| 956 |
_aVMATEO _b10 _c20151125 _hBPMSU |
||
| 999 |
_c8920 _d8920 |
||